| 000 | 00430cam a2200181 4500 | ||
|---|---|---|---|
| 001 | D6554 | ||
| 008 | 090401t1981 xxu||||| |||| 00| 0 eng d | ||
| 035 | _a(Sirsi) u1438 | ||
| 041 | _aeng | ||
| 050 | _a711.552 | ||
| 100 | _aLawless, Paul | ||
| 245 | _aBritain`s inner cities: problems and policies | ||
| 260 |
_aLondon _bHarper and Row _c1981 |
||
| 300 | _a292p. 22cm | ||
| 350 | _a8.95 | ||
| 942 | _n0 | ||
| 948 | _c04/03/1997 | ||
| 999 |
_c85669 _d85669 |
||